Orange Lightning: The Dutch Athletics Quiz (Hard) - Statistics

General Stats
  • This quiz has been taken 5 times
  • The average score is 28 of 40
Answer Stats
Picture Hint Answer % Correct
400m Hurdles Abigail Noruwa
100%
400m Andrea Bouma
100%
400m, 400m Hurdles Anne van de Wiel
100%
100m Isabel van den Berg
100%
Decathlon Jip de Greef
100%
110m Hurdles Joas van Hellemondt
100%
400m Jochem Dobber
100%
Triple Jump Kellynsia Leerdam
100%
Hammer Throw Lotte Smink
100%
400m Madelief van Leur
100%
Heptathlon Myke van de Wiel
100%
100m Naomi Amanda Sedney
100%
400m, 400m Hurdles Nina Franke
100%
5000m, 3000m Steeple Chase Veerle Bakker
100%
100m, 400m, 100m Hurdles Zoë Sedney
100%
Hammer Throw Audrey Jacobs
67%
Javelin Throw Dewi Lafontaine
67%
Long Jump Emiel Mellaard
67%
Pole Vault Femke Pluim
67%
100m Jozuah Revierre
67%
Decathlon Lauri Hulleman
67%
Heptathlon Marijke Esselink
67%
Shot Put Melissa Boekelman
67%
100m, 200m Nelli Fiere-Cooman
67%
3000m Steeple Chase Nick Marsman
67%
400m Nout Wardenburg
67%
Decathlon Owen Beuckens
67%
High Jump Ridzerd Punt
67%
100m Daniljo Vriendwijk
33%
Discus Throw, Shot Put Erik de Bruin
33%
Long Jump Ignisious Gaisah
33%
100m Jafrailyson Acton
33%
400m Keenan Blake
33%
Decathlon Rafael Raap
33%
110 Hurdles Robin Korving
33%
Discus Throw, Shot Put Rutger Smith
33%
100m, 200m Solomon Bockarie
33%
Javelin Throw Thomas van Ophem
33%
Javelin Throw Tom Egbers
33%
100m, 200m Troy Douglas
33%
No matching quizzes found
Score Distribution
Percent of People with Each Score
Percentile by Number Answered
Your Score History
You have not taken this quiz